Science et vie. (Record no. 2202)

MARC details
000 -LEADER
campo de control de longitud fija 00874nas a2200241 i 4500
001 - NÚMERO DE CONTROL
campo de control 2202
003 - IDENTIFICADOR DE NÚMERO DE CONTROL
campo de control ES-MaACL
005 - FECHA Y HORA DE LA ÚLTIMA TRANSACCIÓN
campo de control 20250814013818.0
007 - CAMPO FIJO DE DESCRIPCIÓN FÍSICA--INFORMACIÓN GENERAL
campo de control de longitud fija t|
008 - DATOS DE LONGITUD FIJA--INFORMACIÓN GENERAL
campo de control de longitud fija 950801c1912 fr | | 1 ||re d
080 ## - NÚMERO DE LA CLASIFICACIÓN DECIMAL UNIVERSAL
Número de la Clasificación Decimal Universal (44)
080 ## - NÚMERO DE LA CLASIFICACIÓN DECIMAL UNIVERSAL
Número de la Clasificación Decimal Universal 5/6
245 00 - MENCIÓN DEL TÍTULO
Título Science et vie.
260 ## - PUBLICACIÓN, DISTRIBUCIÓN, ETC.
Lugar de publicación, distribución, etc. Paris :
Nombre del editor, distribuidor, etc. Philippe Cousin,
Fecha de publicación, distribución, etc. 1912- (
Lugar de fabricación/manufactura Corbeil :
Fabricante Imp. Créte)
300 ## - DESCRIPCIÓN FÍSICA
Extensión 87 v. :
Otras características físicas grab. ;
Dimensiones 24 cm.
310 ## - PERIODICIDAD ACTUAL
Periodicidad actual Mensual
362 0# - FECHAS DE PUBLICACIÓN Y/O DESIGNACIÓN SECUENCIAL
Fecha de publicación y/o designación secuencial T. I (1912)-
500 ## - NOTA GENERAL
Nota general Fecha de inicio de la publicación y editor tomados de : Ulrich's international periodicals directory. 14th ed. 1971-72.
650 17 - PUNTO DE ACCESO ADICIONAL DE MATERIA--TÉRMINO DE MATERIA
Término de materia o nombre geográfico como elemento de entrada Ciencias
Fuente del encabezamiento o término embne
9 (RLIN) 10971
852 ## - LOCALIZACIÓN
Ubicación ES-MaACL
Número de control de estantería HEM-H-148
Encuadernación Hem-1184
Signatura antigua
866 #0 - MENCIÓN TEXTUAL DE FONDOS--UNIDAD BIBLIOGRÁFICA BÁSICA
Fondos (1948f.ene.y may.y ago.y nov.)(1949f.ene.y mar.-abr.y jun.)1950-54,1963-64(1965)1966-99(2000 f.feb-nov.)2001-03(2004 f. mar.,jun.,ag.-sep.)(2005 f. nov.).
Holdings
Estatus retirado Estado de pérdida Estado de daño No para préstamo Colección Biblioteca de origen Biblioteca actual Ubicación en estantería Fecha de adquisición Fuente de adquisición Total de préstamos Signatura topográfica completa Código de barras Visto por última vez Precio de reemplazo Tipo de ítem Koha
        Periódicos y Revistas Biblioteca del Ateneo de Madrid Biblioteca del Ateneo de Madrid Hemeroteca 17/01/2008     HEM-H-148 1002242 23/02/2023 23/02/2023 Revista